Role of Probiotic (Record no. 25616)
[ view plain ]
| 000 -LEADER | |
|---|---|
| fixed length control field | 00389nam a22001457a 4500 |
| 003 - CONTROL NUMBER IDENTIFIER | |
| control field | SGT |
| 082 ## - DEWEY DECIMAL CLASSIFICATION NUMBER | |
| Classification number | 617.645 |
| Item number | R23T |
| 100 ## - MAIN ENTRY--PERSONAL NAME | |
| Personal name | Tewatia, Karuna |
| 245 ## - TITLE STATEMENT | |
| Title | Role of Probiotic |
| Remainder of title | Lactobacillus species in pediatric dentistry |
| 260 ## - PUBLICATION, DISTRIBUTION, ETC. (IMPRINT) | |
| Place of publication, distribution, etc | Gurugram, Haryana |
| Name of publisher, distributor, etc | SGT University |
| Year of Publication | 2023 |
| 300 ## - PAGE DESCRIPTION | |
| No. of Pages | 90 |
| 650 ## - SUBJECT ADDED ENTRY--TOPICAL TERM | |
| Topical term or geographic name as entry element | Pediatric Dentistry |
| 653 ## - KEYWORDS--INDEX TERM | |
| Keyword term | Pediatric Dentistry |
| 942 ## - ADDED ENTRY ELEMENTS (KOHA) | |
| Source of classification or shelving scheme | Dewey Decimal Classification |
| Koha item type | Thesis/Dissertation |
| Withdrawn status | Lost status | Source of classification or shelving scheme | Damaged status | Not for loan | Home library | Current library | Date acquired | SGTU | Total Checkouts | Full call number | Accession No. (Barcode) | Date last seen | Bill Date | Koha item type |
|---|---|---|---|---|---|---|---|---|---|---|---|---|---|---|
| Dewey Decimal Classification | Not For Loan | SGT Dental Library | SGT Dental Library | 16/01/2024 | SGTU | 617.645 R23T | DT1767 | 16/01/2024 | 16/01/2024 | Thesis/Dissertation |